000 00390 a2200145 4500
040 _aDLC
_bDLC
082 _a025.04
100 _a Rijsbergen, C. J. Van
245 _aInformation retrieval
_cC. J. Van Rijsbergen,
260 _a U K:
_b University of Glasgow.
300 _a147 p. ;
_c 27 cm.
500 _a Includes Index
650 _a Information retrieval.
942 _cBK
_k025.04 RIJ
_2ddc
999 _c6947
_d6947